Southville International School and Colleges
Your cart is empty.
  • Cart
  • Lists
    Public lists Eva Luna New books Lux_list list_1
    Your lists Log in to create your own lists
  • Log in to your account
  • Your cookies
  • Search history
Southville International School and Colleges
  • Advanced search
  • Recent comments
  • Most popular
  • Libraries

Log in to your account

Log in with GOOGLE


If you do not have an external account, but do have a local account, you can still log in:

  1. Home
  2. MARC view: Effective academic writing 1 :
Normal view MARC view ISBD view

Effective academic writing 1 : (Record no. 22187)

[ view plain ]
MARC details
000 -LEADER
fixed length control field 01059nam a2200241 a 4500
005 - DATE AND TIME OF LATEST TRANSACTION
control field 20140310183354.0
008 - FIXED-LENGTH DATA ELEMENTS--GENERAL INFORMATION
fixed length control field 120919s19uu xx 00 eng d
020 ## - INTERNATIONAL STANDARD BOOK NUMBER
International Standard Book Number 9780194309226
050 ## - LIBRARY OF CONGRESS CALL NUMBER
Classification number PE 1439
Item number .Sa28 2007
100 ## - MAIN ENTRY--PERSONAL NAME
Personal name Savage, Alice
245 ## - TITLE STATEMENT
Title Effective academic writing 1 :
Remainder of title the paragraph /
Statement of responsibility, etc Alice Savage, Masoud Shafiei.
260 ## - PUBLICATION, DISTRIBUTION, ETC. (IMPRINT)
Place of publication, distribution, etc New York, USA :
Name of publisher, distributor, etc Oxford University Press,
Date of publication, distribution, etc 2007.
300 ## - PHYSICAL DESCRIPTION
Extent 152 p. :
Dimensions 26 cm.
520 ## - SUMMARY, ETC.
Summary, etc Presents models of student essays which aim to enhance learners' comprehension of writing modes. This work covers units that include writing tasks and specific rhetorical focus and language focus points. Each unit features self-contained lessons
521 ## - TARGET AUDIENCE NOTE
Target audience note
650 ## - SUBJECT ADDED ENTRY--TOPICAL TERM
Topical term or geographic name as entry element English language
General subdivision Rhetoric
-- Problems, exercises, etc.
650 ## - SUBJECT ADDED ENTRY--TOPICAL TERM
Topical term or geographic name as entry element English language
General subdivision Paragraphs
-- Problems, exercises, etc.
650 ## - SUBJECT ADDED ENTRY--TOPICAL TERM
Topical term or geographic name as entry element English language
General subdivision Textbooks for foreign speakers
650 ## - SUBJECT ADDED ENTRY--TOPICAL TERM
Topical term or geographic name as entry element Academic writing
General subdivision Problems, exercises, etc
700 ## - ADDED ENTRY--PERSONAL NAME
Personal name Shafiei, Masoud
942 ## - ADDED ENTRY ELEMENTS (KOHA)
Koha item type Books
Source of classification or shelving scheme Library of Congress Classification
Call number prefix Foreign
Holdings
Withdrawn status Lost status Source of classification or shelving scheme Damaged status Home library Current library Shelving location Date acquired Source of acquisition Cost, normal purchase price Total Checkouts Total Renewals Full call number Barcode Date last seen Date checked out Copy number Price effective from Koha item type
    Library of Congress Classification   College Library College Library General Circulation Section 09/19/2012 Donation 1098.00 1 13 PE 1439 .Sa28 2007 C15829 05/15/2018 06/16/2016 1 10/10/2013 Books

Effective academic writing 1 :

APA

Savage A., Shafiei M., . (2007). Effective academic writing 1. New York, USA: Oxford University Press.

Chicago

Savage Alice, Shafiei Masoud, . 2007. Effective academic writing 1. New York, USA: Oxford University Press.

Harvard

Savage A., Shafiei M., . (2007). Effective academic writing 1. New York, USA: Oxford University Press.

MLA

Savage Alice, Shafiei Masoud, . Effective academic writing 1. New York, USA: Oxford University Press. 2007.

  • Place hold
  • Print
  • Cite
  • Add to your cart (remove)
  • Save record
    BIBTEX Dublin Core MARCXML MARC (non-Unicode/MARC-8) MARC (Unicode/UTF-8) MARC (Unicode/UTF-8, Standard) MODS (XML) RIS
  • More searches
    Search for this title in:
    Other Libraries (WorldCat) Other Databases (Google Scholar) Online Stores (Bookfinder.com) Open Library (openlibrary.org)

Exporting to Dublin Core...

SOUTHVILLE LIBRARY

Southville International School and Colleges Library

1281 Tropical Ave. Cor. Luxembourg St., BF Homes International, Las Pinas City

Tel. No. 8256374 / 252358 Loc. 117/146

Powered by Koha